Score 0/16 Timer 02:00
0 Plays Today
Hint Soup % Correct
APEPea
99.5%
TOPATOPotato
97.6%
TOOTAMTomato
96%
MACL HOWCREDClam Chowder
93.6%
MARCE FO ROSMHOUMCream of Mushroom
93.1%
NKICHEC OLEDNOChicken Noodle
92.6%
THO DNA RUSOHot and Sour
86.8%
CCEHIKN RONC CDEHORWChicken Corn Chowder
79.5%
Hint Soup % Correct
HERFNC INOONFrench Onion
79.4%
LTILENLentil
78.3%
TIMENNOERSMinestrone
51%
LGAVEBETEVegetable
50.7%
GGE FORWELEgg Flower
48.8%
AAIILNT DDEGINWItalian Wedding
41.4%
ZACGOPHAGazpacho
31.9%
RATLITLOTortilla
21.3%
Remove Ads.
Support Sporcle.
Get the best of Sporcle when you Go Orange. This ad-free experience offers more features, more stats, and more fun while also helping to support Sporcle. Thank you for becoming a member.

You're not logged in!

Compare scores with friends on all Sporcle quizzes.
OR
Log In

Show Comments

Extras

Top Quizzes Today


Score Distribution

Your Account Isn't Verified!

In order to create a playlist on Sporcle, you need to verify the email address you used during registration. Go to your Sporcle Settings to finish the process.

Report this User

Report this user for behavior that violates our Community Guidelines.

Details: